00441nam a2200157 a 450000100060000000300090000600800410001502000150005604000280007108200130009910000260011224500490013826000490018730000220023665000250025810233CO-ViMGA141112s2004 ck r 000 u spa d a9589037585 aCO-ViMGAbspacCO-ViMGA a928 E77l1 aEspinosa ; Germán, 10aLino de Pombo. El sabio de las siete esferas aSanta Fe de Bogotá : bColciencias, c1998 a120p. : il. color14aDE POMBO - BIOGRAFIA